Addictive disorders in medical populations

Drug and alcohol addictions occur commonly in medical populations; 25--50% of patients seen by primary care physicians have alcohol and drug disorders, with even higher prevalence in certain medical specialty populations

Bibliographic Details
Main Authors: Gold, Mark S. (Author), Miller, Norman S. (Author)
Format: Book
Language:English
Published: Chichester, West Sussex, U. K. ; Hoboken, New Jersey : Wiley-Blackwell , c2010
Subjects:

MARC

LEADER 00000cam a2200000 7i4500
001 0000073021
005 20110815093000.0
008 110522s2010 enk eng
020 |a 0470740337 (hardback : alk. paper) 
020 |a 9780470740330 (hardback : alk. paper) 
050 0 0 |a RC564   |b .A33 2010 
060 1 0 |a WM 270   |b A222 2010 
090 0 0 |a RC564   |b .A33 2010 
245 0 0 |a Addictive disorders in medical populations   |c editors, Norman S. Miller, Mark S. Gold 
260 |a Chichester, West Sussex, U. K. ;   |a Hoboken, New Jersey :   |b Wiley-Blackwell ,   |c c2010 
300 |a xii, 629 p. :   |b ill. ;   |c 25 cm. 
504 |a Includes bibliographical references and index 
505 0 |a 1. Addictive disorders and medicine -- 2. Assessment and diagnosis -- 3. Addictive and disorders and clinical diseases -- 4. Management of addictive disorders in selected populations -- 5. Treatment of addictive disorders 
520 |a Drug and alcohol addictions occur commonly in medical populations; 25--50% of patients seen by primary care physicians have alcohol and drug disorders, with even higher prevalence in certain medical specialty populations 
650 0 |a Comorbidity 
650 0 |a Dual diagnosis 
650 0 |a Patients   |x Substance use 
650 0 |a Substance abuse 
650 1 2 |a Substance-Related Disorders   |x diagnosis 
650 1 2 |a Substance-Related Disorders   |x therapy 
700 1 |a Gold, Mark S. ,   |e author 
700 1 |a Miller, Norman S. ,   |e author 
999 |a 1000139707   |b Book   |c OPEN SHELF (30 DAYS)   |e Gong Badak Campus